Zeměpisná olympiáda překročila hranice svých možností

Netradičný priebeh 22. ročníka Zemepisnej olympiády v Českej republike ovplyvnený svetovou pandémiou ochorenia COVID‑19 spôsobeného novým koronavírusom a súvisiacimi mimoriadnymi opatreniami. Online priebeh krajského kola a celoštátny kombinovaný priebeh. Program olympiády aj v online kontexte a výh...

Descrizione completa

Salvato in:
Dettagli Bibliografici
Autore principale: Jelen, Jakub
Altri autori: Filipová, Diana
Natura: Capitolo di libro
Lingua:ceco
Soggetti:
Tags: Aggiungi Tag
Nessun Tag, puoi essere il primo ad aggiungerne!!

MARC

LEADER 00000naa a2200000 4500
001 0277949
005 20210823151600.1
041 0 |a cze 
044 |a CZ 
245 1 0 |a Zeměpisná olympiáda překročila hranice svých možností  |c Jakub Jelen, Diana Filipová 
520 |a Netradičný priebeh 22. ročníka Zemepisnej olympiády v Českej republike ovplyvnený svetovou pandémiou ochorenia COVID‑19 spôsobeného novým koronavírusom a súvisiacimi mimoriadnymi opatreniami. Online priebeh krajského kola a celoštátny kombinovaný priebeh. Program olympiády aj v online kontexte a výhľad do nového ročníka. 
610 2 0 |a pedagogika 
610 2 0 |a didaktika 
610 2 0 |a testy didaktické 
610 2 0 |a pandémia 
610 2 0 |a koronavírus 
610 2 0 |a vzdelávanie elektronické 
610 2 0 |a geografia 
610 2 0 |a Česko 
100 1 |a Jelen, Jakub 
700 1 |a Filipová, Diana